000 01683cam a2200373 ab4500
999 _c3718
_d3718
001 2345368
003 OSt
005 20241003075839.0
008 211222t20152007enk d 000 1 eng d
020 _a9781406360257
020 _a1406360252
040 _aAU@
_beng
_cAU@
_dOCLCO
_dAUHCL
_dOCLCA
_dOCLCQ
_dOCLCF
_dUKMGB
_dNZMAP
_dOCLCO
_dOCL
_dGE2
_dTCPL
_dKH8
_eaacr2
042 _anbic
043 _ae-uk---
_aas-----
082 0 _aFIC HOR
100 1 _aHorowitz, Anthony,
_d1955-
_eauthor.
245 1 0 _aSnakehead /
_cAnthony Horowitz.
246 3 _aSnake head.
260 _aLondon :
_bWalker Books,
_c2015.
300 _a350 pages ;
_c20 cm.
490 1 _aAlex Rider ;
_v7.
500 _aOriginally published : 2007.
520 _aSplashing down off the coast of Australia, Alex is soon working undercover - this time for ASIS, the Australian Secret Service - on a mission to infiltrate the criminal underworld of South-East Asia: the ruthless world of the Snakehead. Faced with an old enemy and troubled by the shadows of his own past, Alex is caught between two secret services, with no one he can trust - and this time he needs all his wits to survive.
526 0 _aAccelerated Reader
_bMG+
_c5.4
_d14.0
_z191576.
526 0 _aAccelerated Reader AR
_bMG+
_c5.4
_d14
_z191576.
600 1 0 _aRider, Alex
_c(Fictitious character)
_vJuvenile fiction.
610 1 0 _aGreat Britain.
_bMI6
_vJuvenile fiction.
650 0 _aOrganized crime
_vJuvenile fiction.
650 0 _aSpy stories, Australian.
650 0 _aOrganized crime
_zSoutheast Asia
_vJuvenile fiction.
800 1 _aHorowitz, Anthony,
_d1955-
_tAlex Rider adventure ;
_v7.
830 0 _aAlex Rider ;
_v7.
942 _2ddc
_cFIC